000 00475nam a2200193Ia 4500
005 20240823024559.0
008 240823s9999||||xx |||||||||||||| ||und||
020 _a81-317-0377-0
041 _aENGLISH
082 _A612 P7
100 _aCarson Robert C et al.
245 0 _aAbnormal Psychology and Modern Life
250 _a11
260 _c2007
_b"Pearson Education,New "
500 _aTRANSFERED
650 _aPsychology
_bGeneral
942 _cBK
999 _c184255
_d184255